Quiz o Ballon D'or - Statystyki

Ogólne statystyki
  • Ten quiz został rozwiązany 154 razy
    139 od ostatniego zresetowania
  • Średni wynik to 8 z 15
Statystyki odpowiedzi
Zagadnienie Odpowiedź % Poprawnych
Kto najwięcej ramy wygrał złotą piłke Messi
98%
Reprezentanci jakiego kraju wygrali najwięcej takich nadród Argentyny
80%
Ile razy została wręczona super Ballon D'or 1
71%
Kto z nich nigdy nie wygrał tej nagrody Backham
61%
Za co obecnie jest wręczana ta nagroda Za cały sezon
61%
Kto wygrał nagrodę Kopy w 2023 Bellingham
59%
Piłkarze jakiego klubu najwięcej razy wygrali złotą piłke Barcelona
54%
Kto z nich wygrał Ballon D'or Baggio
51%
Kogo oszukano na tą nagrode Każdego z nich
46%
Ile jest obecnie wręczanych nagród na gali 8
39%
Kto wygrał złotą piłke w 2005 Ronaldinho
39%
Ile było edycji Ballon D'or 68
37%
Ile razy Ballon D'or wygrał Van Basten 3
36%
Nagrode Yashina w 2019 wygrał Alisson
32%
Od którego roku jest wręczana złota piłka dla kobiet 2018
15%
Nie znaleziono quizów pasujących do podanych kryteriów
Rozkład punktacji
Procent ludzi z każdym wynikiem
Percentyl według liczby udzielonych odpowiedzi
Twoja historia wyników
Nie rozwiązałeś tego quizu od ostatniego zresetowania